[Event "Yangon op"]
[Site "Yangon"]
[Date "2015.11.24"]
[Round "4"]
[White "Aung, Naing"]
[Black "Naing, Myo Lin"]
[Result "0-1"]
[WhiteElo "2288"]
[BlackElo "1937"]
[PlyCount "60"]
[EventDate "2015.11.23"]
[EventType "swiss"]
[EventRounds "9"]
[EventCountry "MYA"]
[SourceTitle "CBM 169 Extra"]
[Source "ChessBase"]
[SourceDate "2015.12.18"]
[SourceVersion "1"]
[SourceVersionDate "2015.12.18"]
[SourceQuality "1"]

1. d4 Nf6 2. Nf3 e6 3. c4 b6 4. a3 Bb7 5. Nc3 Ne4 6. g3 f5 7. Bg2 Nxc3 8. bxc3 Be7 9. 0-0 0-0 10. d5 Bf6 11. Nd4 Qc8 12. a4 a5 13. Ba3 Re8 14. Re1 g6 15. Qb3 e5 16. Nb5 d6 17. Rad1 Nd7 18. Bxd6 cxd6 19. Nxd6 Qb8 20. Nxe8 Qxe8 21. Qa3 Nc5 22. Rb1 Qxa4 23. Qxa4 Nxa4 24. c5 e4 25. c4 Ba6 26. Rec1 bxc5 27. Rb3 Be5 28. e3 Nb2 29. Bf1 a4 30. Ra3 Rb8 0-1